I am water / (Record no. 4755)

MARC details
000 -LEADER
fixed length control field 00966nam a22003017a 4500
001 - CONTROL NUMBER
control field 4755
003 - CONTROL NUMBER IDENTIFIER
control field FISKH
005 - DATE AND TIME OF LATEST TRANSACTION
control field 20250815161617.0
008 - FIXED-LENGTH DATA ELEMENTS--GENERAL INFORMATION
fixed length control field 241007b cb ||||| |||| 00| 0 eng d
020 ## - INTERNATIONAL STANDARD BOOK NUMBER
International Standard Book Number 9780590265874
040 ## - CATALOGING SOURCE
Original cataloging agency FISKH
Language of cataloging eng
Transcribing agency FISKH
Modifying agency FISKH
050 ## - LIBRARY OF CONGRESS CALL NUMBER
Classification number GB662.M37
082 ## - DEWEY DECIMAL CLASSIFICATION NUMBER
Classification number 553.7
100 ## - MAIN ENTRY--PERSONAL NAME
Personal name Marzollo, Jean
Dates associated with a name (1942–2018)
245 ## - TITLE STATEMENT
Title I am water /
Statement of responsibility, etc. by Jean Marzollo Illustrated by Judith Moffatt
250 ## - EDITION STATEMENT
Edition statement First Printing in 1996
260 ## - PUBLICATION, DISTRIBUTION, ETC.
Place of publication, distribution, etc. New York :
Name of publisher, distributor, etc. Scholastic,
Date of publication, distribution, etc. 1996.
300 ## - PHYSICAL DESCRIPTION
Extent 29 pages :
Other physical details Color illustrations ;
Dimensions 23 cm
505 ## - FORMATTED CONTENTS NOTE
Formatted contents note D<br/>
520 ## - SUMMARY, ETC.
Summary, etc. For use in schools and libraries only. Describes the properties of water, its uses, and its many forms, including rain, ice, and snow.
521 8# - TARGET AUDIENCE NOTE
Target audience note 160L<br/>
Source Lexile<br/>
521 8# - TARGET AUDIENCE NOTE
Target audience note D<br/>
Source Raz-Plus<br/>
650 ## - SUBJECT ADDED ENTRY--TOPICAL TERM
Source of heading or term Weather
Topical term or geographic name entry element Water
650 ## - SUBJECT ADDED ENTRY--TOPICAL TERM
Source of heading or term Science
Topical term or geographic name entry element Easy reader
Form subdivision Non-fiction
700 ## - ADDED ENTRY--PERSONAL NAME
Personal name Moffatt, Judith
Dates associated with a name Illustrator
942 ## - ADDED ENTRY ELEMENTS (KOHA)
Source of classification or shelving scheme Dewey Decimal Classification
Koha item type Books
Suppress in OPAC No
Holdings
Withdrawn status Lost status Source of classification or shelving scheme Damaged status Not for loan Collection Home library Current library Shelving location Date acquired Total Checkouts Full call number Barcode Date last seen Copy number Price effective from Koha item type Date last checked out
    Dewey Decimal Classification     Non-Fiction Footprints International School Library Network Toul Kork Campus Footprints International School Library Network Toul Kork Campus A TK Campus, 4th Floor, Room B401, Non-Fiction Bookcases(7-8) 10/07/2024   MAR 553.7 GB662.M37 2024-2099 10/07/2024 1 10/07/2024 Books  
    Dewey Decimal Classification     Non-Fiction Footprints International School Library Network Toul Kork Campus Footprints International School Library Network Toul Kork Campus A TK Campus, 4th Floor, Room B401, Non-Fiction Bookcases(7-8) 10/28/2024 1 MAR 553.7 GB662.M37 2024-2244 11/12/2025 2 10/28/2024 Books 08/27/2025
    Dewey Decimal Classification     Non-Fiction Footprints International School Library Network Toul Tom Poung Campus Footprints International School Library Network Toul Tom Poung Campus TTP Primary Green Bookshelves 08/15/2025   MAR 553.7 GB662.M37 FISBK02572 08/15/2025 3 08/15/2025 Books